01341cam a2200301 i 450000500170000000800410001701500170005802000150007504000230009004100080011304300120012104400070013308200180014011100710015824500970022926000650032630000290039149000290042050001080044965000710055765000690062865000690069770000410076671001040080771000470091171000420095871000390100020160131100621.0990520s1997 ck r 10010 spa d ack-1997-xxxx a9586830896 ala cladCO-BoIAVH0 aspa as-ck--- ack04a333.72 bS47v2 aSeminario Internacional sobre Bioprospección d(1997 dBogotá)10aValor de la Bioprospección en Colombia / cSeminario Internacional sobre Bioprospección. aBogotá : bInstituto de Políticas de Desarrollo, c1997. a203 páginas ; c22 cm.00aSoluciones en desarrollo aMemorias del Seminario Internacional sobre Bioprospección de diciembre 1997 en Santafé de Bogotá.14aDiversidad biológicav Congresos, conferencias, etc.z Colombia.24aPolítica ambientalv Congresos, conferencias, etc.z Colombia.24aEconomía ambientalv Congresos, conferencias, etc.z Colombia.1 aVivas Benítez, Alejandro, eeditor2 aPontificia Universidad Javeriana c(Bogotá). Facultad de Ciencias Económicas y Administrativas.1 aColombia. bMinisterio del Medio Ambiente.2 aFundación Konrad Adenauer Stiftung.2 aBanco Internacional de Desarrollo.